[Event "Fagernes op"]
[Site "Fagernes"]
[Date "2024.03.24"]
[Round "1"]
[White "Johansson, Linus"]
[Black "Sian, Shadi"]
[Result "1-0"]
[WhiteElo "2427"]
[BlackElo "2076"]
[PlyCount "115"]
[EventDate "2024.03.24"]
[EventType "swiss"]
[EventRounds "9"]
[EventCountry "NOR"]
[SourceTitle "CB14_2024"]
[SourceDate "2024.04.01"]
[SourceVersion "1"]
[SourceVersionDate "2024.04.01"]
[SourceQuality "1"]

1. d4 Nf6 2. c4 e6 3. Nc3 d5 4. cxd5 exd5 5. Bg5 Be7 6. e3 0-0 7. Bd3 h6 8. Bf4 c5 9. Nge2 Nc6 10. 0-0 Be6 11. Rc1 c4 12. Bb1 Qd7 13. Be5 Ng4 14. Bg3 f5 15. b3 Ba3 16. bxc4 Bxc1 17. Nxc1 Ne7 18. c5 Nf6 19. f3 Nc6 20. Nd3 Qf7 21. Nb5 Nh5 22. Bd6 Rfd8 23. Ne5 Nxe5 24. Bxe5 Nf6 25. Nd6 Qe7 26. Qd3 g6 27. Nxb7 Qxb7 28. Bxf6 Re8 29. Be5 Bd7 30. Bc2 Bc6 31. Rb1 Qd7 32. Qa6 Re6 33. Qa5 Rae8 34. f4 Rc8 35. h3 h5 36. Qe1 Qd8 37. Qg3 h4 38. Qe1 Kf7 39. Kh2 Qe7 40. a4 Kg8 41. a5 Rf8 42. Qe2 Qd7 43. a6 Ba8 44. Bd3 Bc6 45. Qf2 Qd8 46. Rb3 Qe7 47. Qb2 Rxe5 48. fxe5 Qg5 49. Qf2 Ba4 50. Rb1 Qh6 51. g3 hxg3+ 52. Qxg3 Kh8 53. Rg1 f4 54. exf4 Rxf4 55. Bxg6 Rxd4 56. Be4 Rd2+ 57. Kh1 Qxh3+ 58. Qxh3# 1-0

[Event "NOR-chT Elite 2223"]
[Site "Norway"]
[Date "2022.11.12"]
[Round "2.23"]
[White "Sian, Shadi"]
[Black "Abdrlauf, Elham"]
[Result "0-1"]
[WhiteElo "2107"]
[BlackElo "2504"]
[PlyCount "88"]
[EventDate "2022.11.11"]
[EventType "team-tourn"]
[EventRounds "9"]
[EventCountry "NOR"]
[SourceTitle "CBM 211 Extra"]
[Source "ChessBase"]
[SourceDate "2023.01.31"]
[SourceVersion "1"]
[SourceVersionDate "2023.01.31"]
[SourceQuality "1"]
[WhiteTeam "Hell"]
[BlackTeam "OSS"]
[WhiteTeamCountry "NOR"]
[BlackTeamCountry "NOR"]

1. e4 c6 2. d4 d5 3. exd5 cxd5 4. Bd3 Nc6 5. c3 e6 6. Bf4 Nge7 7. Nf3 f6 8. h4 Ng6 9. Bg3 Bd6 10. h5 Nf4 11. Bxf4 Bxf4 12. Qc2 f5 13. Qe2 Qf6 14. Nbd2 Bd7 15. 0-0-0 0-0 16. Kb1 Rae8 17. Nb3 Bd6 18. Qd2 Re7 19. h6 g6 20. Rhe1 f4 21. Rh1 Kh8 22. Rde1 a5 23. Bb5 Be8 24. Bxc6 bxc6 25. Ne5 g5 26. Nc5 Bg6+ 27. Ka1 Rfe8 28. f3 Bf5 29. Ncd7 Rxd7 30. Nxd7 Qe7 31. Ne5 c5 32. c4 Kg8 33. cxd5 cxd4 34. Qxd4 Bc5 35. d6 Qxd6 36. Qxd6 Bxd6 37. Rh5 Be7 38. a3 Rc8 39. Rd1 Rc5 40. Nd7 Rc2 41. Ne5 Bf6 42. Nd3 Bxd3 43. Rxd3 Rxb2 44. Rxg5+ Kf8 0-1

[Event "NOR-chT Elite 2223"]
[Site "Norway"]
[Date "2022.11.11"]
[Round "1.43"]
[White "Urkedal, Frode Olav Olsen"]
[Black "Sian, Shadi"]
[Result "1-0"]
[WhiteElo "2530"]
[BlackElo "2107"]
[PlyCount "41"]
[EventDate "2022.11.11"]
[EventType "team-tourn"]
[EventRounds "9"]
[EventCountry "NOR"]
[SourceTitle "CBM 211 Extra"]
[Source "ChessBase"]
[SourceDate "2023.01.31"]
[SourceVersion "1"]
[SourceVersionDate "2023.01.31"]
[SourceQuality "1"]
[WhiteTeam "Offerspill"]
[BlackTeam "Hell"]
[WhiteTeamCountry "NOR"]
[BlackTeamCountry "NOR"]

1. d4 Nf6 2. c4 e6 3. Nf3 d5 4. g3 Be7 5. Bg2 0-0 6. 0-0 b6 7. cxd5 exd5 8. Nc3 Bb7 9. Ne5 Ne4 10. Nxe4 dxe4 11. Qc2 f5 12. Be3 Bf6 13. f3 c5 14. fxe4 cxd4 15. Qc4+ Kh8 16. Nf7+ Rxf7 17. Qxf7 Bxe4 18. Bxe4 fxe4 19. Rxf6 gxf6 20. Bh6 Qf8 21. Qxf8# 1-0

[Event "Fagernes Autumn op"]
[Site "Fagernes"]
[Date "2022.10.09"]
[Round "1"]
[White "Sian, Shadi"]
[Black "Kaasen, Tor Fredrik"]
[Result "0-1"]
[WhiteElo "2108"]
[BlackElo "2445"]
[PlyCount "70"]
[EventDate "2022.10.09"]
[EventType "swiss"]
[EventRounds "9"]
[EventCountry "NOR"]
[SourceTitle "CBM 210 Extra"]
[Source "ChessBase"]
[SourceDate "2022.11.30"]
[SourceVersion "1"]
[SourceVersionDate "2022.11.30"]
[SourceQuality "1"]

1. d4 Nf6 2. c4 g6 3. Nc3 d5 4. Bg5 Ne4 5. Bf4 Nxc3 6. bxc3 c5 7. e3 Nc6 8. Nf3 cxd4 9. exd4 Bg7 10. Be2 dxc4 11. Bxc4 0-0 12. 0-0 b6 13. Qe2 Bb7 14. Rfd1 Rc8 15. Rac1 e6 16. Ng5 Qe7 17. Re1 Na5 18. Bd3 Qa3 19. Qd2 Bd5 20. Rc2 Rc6 21. Bb5 Nc4 22. Qc1 Rcc8 23. Ne4 Qa5 24. Bxc4 Rxc4 25. Nd6 Ra4 26. c4 Ba8 27. Bd2 Qh5 28. Bc3 Qg4 29. d5 Bxc3 30. Rxc3 exd5 31. Ne8 Qd4 32. Rh3 Rxa2 33. Rf3 dxc4 34. Nf6+ Kg7 35. Qg5 Bxf3 0-1

[Event "Trondheim Brokstads Memorial"]
[Site "Trondheim"]
[Date "2019.11.23"]
[Round "5"]
[White "Soderstrom, Adrian"]
[Black "Sian, Shadi"]
[Result "1-0"]
[WhiteElo "1999"]
[BlackElo "1873"]
[PlyCount "121"]
[EventDate "2019.11.22"]
[EventType "swiss"]
[EventRounds "7"]
[EventCountry "NOR"]
[SourceTitle "EXT 2021"]
[Source "ChessBase"]
[SourceDate "2020.10.23"]
[SourceVersion "1"]
[SourceVersionDate "2020.10.23"]
[SourceQuality "1"]

1. d4 d5 2. c4 e6 3. Nf3 Nf6 4. Nc3 c6 5. e3 Bd6 6. Qc2 0-0 7. b3 Qa5 8. Bb2 Ne4 9. a3 f5 10. b4 Qd8 11. Bd3 Bd7 12. 0-0-0 Qe7 13. Ng1 Qg5 14. f4 Qh4 15. Rf1 Be8 16. Nf3 Qe7 17. Ne2 Nd7 18. c5 Bc7 19. h3 Bg6 20. g4 a5 21. Bxe4 dxe4 22. Ne5 Bxe5 23. dxe5 axb4 24. axb4 b6 25. Nd4 bxc5 26. Nxc6 Qf7 27. b5 Nb6 28. Qxc5 Nd5 29. Rh2 Qb7 30. Rc2 Rac8 31. Rd1 Kh8 32. Kb1 Rfe8 33. Rcd2 h6 34. Rg1 Kh7 35. Rdg2 Rc7 36. h4 fxg4 37. Rxg4 Bf5 38. R4g2 h5 39. Bd4 g6 40. Ra2 Rb8 41. Rb2 Ra8 42. Rc1 Ne7 43. Qd6 Rd7 44. Nxe7 Rxe7 45. b6 Rg7 46. Rc7 Qa6 47. Rxg7+ Kxg7 48. Qd7+ Kh6 49. Bc3 Qd3+ 50. Qxd3 exd3 51. Kc1 Be4 52. Kd2 Rd8 53. Rb4 Bb7 54. Bd4 Ba6 55. Ra4 Bb5 56. Ra5 Bc4 57. Kc3 Bd5 58. Kxd3 Kg7 59. e4 Bc6 60. Rc5 Rc8 61. Rxc6 1-0

[Event "Ostersund op"]
[Site "Ostersund"]
[Date "2018.06.15"]
[Round "2"]
[White "Unander, Matts"]
[Black "Sian, Shadi"]
[Result "1-0"]
[WhiteElo "2017"]
[BlackElo "1724"]
[PlyCount "113"]
[EventDate "2018.06.15"]
[EventType "swiss"]
[EventRounds "6"]
[EventCountry "SWE"]
[SourceTitle "CBM 184 Extra"]
[Source "ChessBase"]
[SourceDate "2018.06.28"]
[SourceVersion "1"]
[SourceVersionDate "2018.06.28"]
[SourceQuality "1"]

1. d4 Nf6 2. Nf3 d5 3. g3 Bf5 4. Bg2 e6 5. Nbd2 Nc6 6. 0-0 Bd6 7. c4 0-0 8. b3 h6 9. Bb2 Re8 10. Re1 Nb4 11. Rf1 c6 12. a3 Na6 13. c5 Bc7 14. b4 Ne4 15. Nb3 Bh7 16. Nc1 f6 17. Nd3 Nb8 18. Qb3 g5 19. Rad1 Qd7 20. Nfe1 f5 21. Ne5 Bxe5 22. dxe5 g4 23. Nd3 Qf7 24. f3 gxf3 25. exf3 Ng5 26. h4 Qg6 27. hxg5 hxg5 28. Kf2 Nd7 29. Rh1 b5 30. Rh2 Nf8 31. f4 g4 32. a4 a6 33. Ra1 Qg7 34. Nc1 Qb7 35. Ne2 Reb8 36. Rhh1 Nd7 37. Bd4 Nf8 38. Nc3 Rd8 39. Ra3 Rdb8 40. Rha1 bxa4 41. Rxa4 Bg6 42. Bf1 a5 43. Qa2 Be8 44. bxa5 Qh7 45. Bg2 Nd7 46. a6 Qe7 47. Qa3 Ra7 48. Rb4 Qd8 49. Rab1 Qc8 50. Bf1 Kf8 51. Na4 Rxb4 52. Qxb4 Qc7 53. Nb6 Kg7 54. Nxd7 Qxd7 55. Qb8 Rc7 56. Qxc7 Qxc7 57. Rb7 1-0